000 00374nam a2200169Ia 4500
100 _aBansal/R.k
250 _a9
942 _cBK
366 _f17.5
654 _afluid mechanics
245 _aText book of Fluid Mechanics and hydraulic machines
260 _bLaxmi publications
_c2005
082 _a532/BAN
_bBAN
300 _a1093
546 _aENGLISH
999 _c35618
_d35618